00667nam a2200205 a 450000100060000000300080000600500170001400800410003103500190007204000270009104100080011808200280012610000210015424500500017526000540022530000180027950500830029765000300038071000510041060202BD-RjUL20211209080820.0170119s1970 pk 001 0 eng  a(BD-RjUL)60326 aDLCcDLCdBD-RjULbeng aeng a347.54906223bMAE 19701 aMahmood, Shaukat14aThe Evidence act I of 1872 /cShaukat Mahmood aLahore :bPakistan Law Times Publications,c1970. a V. ;c25 cm.0 aV- 1. Sections 1-45.-- V- 2. Sections 46-113 -- V- 3. Sections 114-167. Index. 0aEvidence (Law)zPakistan.12aPakistan.tQānūn-i shahādat, 1972. 1970.